Quaresma de sermones doctrinales para el Domingo de Ramos, días de Semana Santa, y Resurrección, con remissiones copiosas al Despertador Christiano (Record no. 8581)
[ view plain ]
| 000 -CABECERA | |
|---|---|
| campo de control de longitud fija | 01127nam a2200253 a 4500 |
| 001 - NÚMERO DE CONTROL | |
| campo de control | BRCA_8930 |
| 003 - IDENTIFICADOR DEL NÚMERO DE CONTROL | |
| campo de control | FranzMayer |
| 005 - FECHA Y HORA DE LA ÚLTIMA TRANSACCIÓN | |
| campo de control | 20230721111551.0 |
| 008 - DATOS DE LONGITUD FIJA--INFORMACIÓN GENERAL | |
| campo de control de longitud fija | 290617s1688----po-#######---#000-0#spa-# |
| 040 ## - FUENTE DE LA CATALOGACIÓN | |
| Centro catalogador/agencia de origen | MFM |
| Centro/agencia transcriptor | MFM |
| 041 ## - CÓDIGO DE LENGUA | |
| Código de lengua del texto/banda sonora o título independiente | spa |
| 044 ## - CÓDIGO DEL PAÍS DE LA ENTIDAD EDITORA/PRODUCTORA | |
| Código MARC del país | po |
| 084 ## - OTRO NÚMERO DE CLASIFICACIÓN | |
| Número de clasificación | LE19 |
| Número de documento/Ítem | .B37 1688 |
| 100 1# - ENTRADA PRINCIPAL--NOMBRE DE PERSONA | |
| Nombre de persona | Barzia y Zambrana, Joseph de |
| 9 (RLIN) | 22196 |
| 245 10 - MENCIÓN DE TÍTULO | |
| Título | Quaresma de sermones doctrinales para el Domingo de Ramos, días de Semana Santa, y Resurrección, con remissiones copiosas al Despertador Christiano |
| Resto del título | tomo II: que se dedica al ilustrissimo señor el señor Dean, y Cabildo de la Santa Iglesia de Toledo, Primada de las Españas |
| Mención de responsabilidad, etc. | su autor el Doctor Don Joseph de Barzia y Zambrana... |
| 260 ## - PUBLICACIÓN, DISTRIBUCIÓN, ETC. | |
| Lugar de publicación, distribución, etc. | Lisboa |
| Nombre del editor, distribuidor, etc. | en la Imprenta de Miguel Deslandes |
| Fecha de publicación, distribución, etc. | 1688 |
| 300 ## - DESCRIPCIÓN FÍSICA | |
| Extensión | 456 p. (t.3) |
| Dimensiones | 20.2 16 cm |
| 500 ## - NOTA GENERAL | |
| Nota general | Con todas las licencias necesarias, y Privilegio |
| 500 ## - NOTA GENERAL | |
| Nota general | Estado físico: presenta encuadernación en pergamino con cintas rotas y semi desprendido |
| 650 14 - PUNTO DE ACCESO ADICIONAL DE MATERIA--TÉRMINO DE MATERIA | |
| Término de materia o nombre geográfico como elemento de entrada | Sermones españoles |
| Subdivisión cronológica | Obras anteriores a 1800 |
| 9 (RLIN) | 21577 |
| 650 14 - PUNTO DE ACCESO ADICIONAL DE MATERIA--TÉRMINO DE MATERIA | |
| Término de materia o nombre geográfico como elemento de entrada | Santo sudario |
| Subdivisión cronológica | Obras anteriores a 1800 |
| 9 (RLIN) | 22197 |
| 902 ## - CATALOGADOR | |
| Iniciales | CFM |
| 942 ## - ELEMENTOS DE PUNTO DE ACCESO ADICIONAL (KOHA) | |
| Fuente del sistema de clasificación o colocación | Library of Congress Classification |
| Tipo de ítem Koha | Libros |
| Estado de retiro | Estado de pérdida | Estado dañado | No para préstamo | Localización permanente | Ubicación/localización actual | Fecha de adquisición | Total de préstamos | Signatura topográfica completa | Código de barras | Fecha visto por última vez | Precio válido a partir de | Tipo de ítem Koha |
|---|---|---|---|---|---|---|---|---|---|---|---|---|
| El ejemplar forma parte de la colección y puede ser consultado según las políticas vigentes. | Biblioteca del Museo Franz Mayer (Rogerio Casas-Alatriste) | Biblioteca del Museo Franz Mayer (Rogerio Casas-Alatriste) | 29/06/2017 | LE19 .B37 1688 | CFM00252 | 22/03/2019 | 22/03/2019 | Libros |